Estadísticas para Paises en linea recta mas larga sobre tierra

Haz click aquí para intentar la prueba.

Estadísticas generales

  • Esta prueba ha sido intentada 39 veces
  • La puntuación promedio es 10 de 17

Estadísticas de respuestas

Respuesta% Correcto
China
100%
Irak
67%
Iran
67%
Tajikistan
67%
Turkmenistan
67%
Uzbekistan
67%
Jordania
64%
Afganistan
58%
Chad
58%
Egipto
58%
Israel
58%
Libia
58%
Burkina Faso
53%
Costa de Marfil
53%
Niger
53%
Liberia
47%
Ghana
44%

Distribución de puntuación

Porcentaje por número respondido

Porcentaje de gente con cada puntuación

Historial de tus puntuaciones

No has intentado esta prueba.